Women and fertility in Bangladesh / (Record no. 35021)
[ view plain ]
| 000 -LEADER | |
|---|---|
| fixed length control field | 01690cam a2200349 a 4500 |
| 001 - CONTROL NUMBER | |
| control field | 35021 |
| 003 - CONTROL NUMBER IDENTIFIER | |
| rucl marc code | BD-RjUL |
| 005 - DATE AND TIME OF LATEST TRANSACTION | |
| control field | 20211209052240.0 |
| 008 - FIXED-LENGTH DATA ELEMENTS--GENERAL INFORMATION | |
| fixed length control field | 140520s1991 ii bs 001 0 eng |
| 020 ## - INTERNATIONAL STANDARD BOOK NUMBER | |
| International Standard Book Number | 0803996829 (U.S.) |
| International Standard Book Number | 8170362253 (India) |
| 035 ## - SYSTEM CONTROL NUMBER | |
| System control number | (OCoLC)23141424 |
| System control number | (BD-RjUL)35115 |
| 040 ## - CATALOGING SOURCE | |
| Original cataloging agency | LC |
| Language of cataloging | eng |
| Transcribing agency | LC |
| Modifying agency | BD-RjUL |
| 041 ## - LANGUAGE CODE | |
| Language code of text/sound track or separate title | eng |
| 082 00 - DEWEY DECIMAL CLASSIFICATION NUMBER | |
| Classification number | 305.42095492 |
| Edition number | 20 |
| Author mark and year | AHW 1991 |
| 100 1# - MAIN ENTRY--PERSONAL NAME | |
| Personal name | Ahmad, Alia. |
| 9 (RLIN) | 103796 |
| 245 10 - TITLE STATEMENT | |
| Title | Women and fertility in Bangladesh / |
| Statement of responsibility, etc. | Alia Ahmad. |
| 260 ## - PUBLICATION, DISTRIBUTION, ETC. (IMPRINT) | |
| Place of publication, distribution, etc. | New Delhi ; |
| -- | Newbury Park : |
| Name of publisher, distributor, etc. | Sage Publications, |
| Date of publication, distribution, etc. | c1991. |
| 300 ## - PHYSICAL DESCRIPTION | |
| Pagination | 184 p. ; |
| Size | 23 cm. |
| 504 ## - BIBLIOGRAPHY, ETC. NOTE | |
| Bibliography, etc | Includes bibliographical references (p. [167]-178) and index. |
| 505 00 - FORMATTED CONTENTS NOTE | |
| Formatted contents note | Machine derived contents note: Introduction -- The Status of Women and Fertility Determination in Traditional Societies -- The Status of Women in Bangladesh -- The Role of Socio-Economic Structures and Policies in Determining the Status of Women in Bangladesh -- The Status of Women and the Value of Children -- The Status of Women, Uncertainty, and the Demand for Children -- The Socio-Economic Status of Women and the Costs of Fertility Regulation -- Conclusions and Policy Recommendations. |
| 650 #0 - SUBJECT ADDED ENTRY--TOPICAL TERM | |
| Topical term or geographic name as entry element | Birth control |
| Geographic subdivision | Bangladesh. |
| 9 (RLIN) | 53814 |
| Topical term or geographic name as entry element | Fertility, Human |
| Geographic subdivision | Bangladesh. |
| 9 (RLIN) | 53813 |
| Topical term or geographic name as entry element | Women |
| Geographic subdivision | Bangladesh |
| General subdivision | Economic conditions. |
| 9 (RLIN) | 106650 |
| 653 0# - INDEX TERM--UNCONTROLLED | |
| Uncontrolled term | Women |
| -- | Fertility |
| Uncontrolled term | Bangladesh |
| 856 42 - ELECTRONIC LOCATION AND ACCESS | |
| Materials specified | Publisher description |
| Uniform Resource Identifier | <a href="http://www.loc.gov/catdir/enhancements/fy0657/91006973-d.html">http://www.loc.gov/catdir/enhancements/fy0657/91006973-d.html</a> |
| Materials specified | Table of contents only |
| Uniform Resource Identifier | <a href="http://www.loc.gov/catdir/enhancements/fy0657/91006973-t.html">http://www.loc.gov/catdir/enhancements/fy0657/91006973-t.html</a> |
| 942 ## - ADDED ENTRY ELEMENTS (KOHA) | |
| Source of classification or shelving scheme | Dewey Decimal Classification |
| Koha item type | Books |
| Lost status | Source of classification or shelving scheme | Damaged status | Not for loan | Collection code | Permanent Location | Current Location | Shelving location | Date acquired | Source of acquisition | Cost, normal purchase price | Total Checkouts | Full call number | Date last seen | Copy number | Koha item type |
|---|---|---|---|---|---|---|---|---|---|---|---|---|---|---|---|
| Dewey Decimal Classification | Non-fiction | Central Library, University of Rajshahi | Central Library, University of Rajshahi | 15/03/2006 | Dhaka, Paragon Enterprises Ltd. | 295.00 | 305.42095492 AHW 1991 | 20/05/2014 | C-5 | Books | |||||
| Dewey Decimal Classification | Non-fiction | Central Library, University of Rajshahi | Central Library, University of Rajshahi | 05/06/1999 | Ankur Prokasoni | 249.50 | 305.42095492 AHW 1991 | 06/08/2016 | C-2 | Books |